Normal view MARC view
  • PUNJABI POETRY WITH URDU TRANSLATION

Entry Topical Term

Number of records used in: 1

001 - CONTROL NUMBER

  • control field: 80701

003 - CONTROL NUMBER IDENTIFIER

  • control field: NUST

005 - DATE AND TIME OF LATEST TRANSACTION

  • control field: 20210628210724.0

008 - FIXED-LENGTH DATA ELEMENTS

  • fixed length control field: 210628|| aca||aabn | a|a d

040 ## - CATALOGING SOURCE

  • Original cataloging agency: NUST
  • Transcribing agency: NUST

150 ## - HEADING--TOPICAL TERM

  • Topical term or geographic name entry element: PUNJABI POETRY WITH URDU TRANSLATION

670 ## - SOURCE DATA FOUND

  • Source citation: Work cat.: (NUST): Zafar Maqbook, Mian 80700, Saif ul malook,mian muhammad buksh, 2000
© 2023 Central Library, National University of Sciences and Technology. All Rights Reserved.